000 00591nam a2200205 a 4500
001 51458
003 BD-RjUL
005 20211209075650.0
008 160831b1965 enk||||| |||| 00| 0 eng d
035 _a(BD-RjUL)51578
040 _aBD-RjUL
_beng
_cBD-RjUL
_dBD-RjUL
041 _aeng
082 _223
_a516.16
_bLOE 1965
100 _aLoney, S. L.
_9138789
245 1 0 _aThe elements of coordinate geometry /
_cS. L. Loney,
260 _aLondon :
_bMacmillan & co. Ltd.,
_c1965
300 _aVarious p. :
_bill. ;
_c18 cm.
650 _aCoordinates System Geometry
_9152060
942 _2ddc
_cBK
999 _c51458
_d51458